000 00287nam a2200121Ia 4500
008 190216s9999||||xx |||||||||||||| ||und||
100 _aPillai K P
245 0 _aLemoon Grass In India
260 _bIndian Council Og Agri Research
_c1961
300 _a25p
650 _aBotany
942 _cBK
999 _c1235
_d1235